|
|
|
|
| LEADER |
02314njm a2200601 a 4500 |
| 001 |
000646339 |
| 003 |
CZ BrMZK |
| 005 |
20030128130631.0 |
| 007 |
sd fsngnnmmned |
| 008 |
030116s2002 xr zz f e cze d |
| 028 |
0 |
1 |
|b Gnosis
|
| 040 |
|
|
|a BOA001
|b cze
|
| 047 |
|
|
|a zz
|
| 047 |
|
|
|a su
|
| 048 |
|
|
|a sa02
|a sb01
|
| 048 |
|
|
|b ka01
|
| 048 |
|
|
|a ka01
|a tz
|
| 048 |
|
|
|b pc01
|
| 048 |
|
|
|a oz
|
| 048 |
|
|
|b sb01
|
| 080 |
|
|
|a 785.7
|2 MRF
|
| 080 |
|
|
|a (086.7)
|2 MRF
|
| 110 |
2 |
|
|a Bezmocná hrstka (umělecká skupina)
|7 mzk2003165142
|
| 245 |
1 |
0 |
|a Bezmocná hrstka
|h [zvukový záznam]
|
| 260 |
|
|
|a Brno :
|b Gnosis,
|c 2002
|
| 300 |
|
|
|a 1 zvuková deska :
|b digital ;
|c 12 cm +
|e 1 brožura (20 s.)
|
| 500 |
|
|
|a Text v brožuře česky a anglicky
|
| 500 |
|
|
|a Nahráno 1998-2001
|
| 500 |
|
|
|a Kompaktní deska
|
| 505 |
0 |
|
|a Bariéry /Zdeněk Král -- Duo pro klavír a cimbál / Marcela Vocílková-Trtková -- Postludium / Mario Buzzi -- Reichquartett pro smyčcové kvarteto / Mikuláš Piňos -- Suite Genesis / Pavel Wlosok -- Romance pro křídlo / Kateřina Růžičková -- Malý mág / Zdeněk Král -- Hudba pro violu a dechové kvineto / Pavel Šnajdr -- Konflikt / Dan Dlouhý
|
| 511 |
0 |
|
|a Účinkují různí interpreti
|
| 650 |
0 |
7 |
|a komorní hudba
|7 ph121752
|2 czenas
|
| 655 |
|
4 |
|a různé hudební formy
|
| 700 |
1 |
|
|a Růžičková-Piňosová, Kateřina,
|d 1972-
|7 mzk2002160850
|4 cmp
|
| 700 |
1 |
|
|a Šnajdr, Pavel,
|d 1975-
|7 mzk2002160835
|4 cmp
|
| 700 |
1 |
|
|a Dlouhý, Dan,
|d 1965-
|7 jn20000703057
|4 cmp
|
| 700 |
1 |
|
|a Král, Zdeněk,
|d 1971-
|7 ola2002113984
|4 cmp
|
| 700 |
1 |
|
|a Vocílková-Trtková, Marcela,
|d 1972-
|7 mzk2002160853
|4 cmp
|
| 700 |
1 |
|
|a Buzzi, Mario,
|d 1974-
|7 mzk2002160852
|4 cmp
|
| 700 |
1 |
|
|a Piňos, Mikuláš,
|d 1976-
|7 mzk2002160851
|4 cmp
|
| 700 |
1 |
|
|a Wlosok, Pavel,
|d 1973-
|7 ola2002150409
|4 cmp
|
| 740 |
0 |
2 |
|a Hudba pro violu a dechové kvineto
|
| 740 |
0 |
2 |
|a Konflikt
|
| 740 |
0 |
2 |
|a Bariéry
|
| 740 |
0 |
2 |
|a Duo pro klavír a cimbál
|
| 740 |
0 |
2 |
|a Postludium
|
| 740 |
0 |
2 |
|a Reichquartett pro smyčcové kvarteto
|
| 740 |
0 |
2 |
|a Suite Genesis
|
| 740 |
0 |
2 |
|a Romance pro křídlo
|
| 740 |
0 |
2 |
|a Malý mág
|
| 910 |
|
|
|a BOA001
|b CD-0010.868
|
| 990 |
|
|
|a AV
|
| 996 |
6 |
|
|b 261H011888
|c CD-0010.868
|l MZK
|r Sklad / do 24 hodin
|n 0
|w 000646339
|u 000010
|a 1
|e BOA001
|j MZK50
|s P
|